000 00975nam a22003257a 4500
003 CHAP
005 20220329143525.0
008 100407s1988 us r 00010 eng d
010 _a97998
011 _a98970
020 _a0024041513
035 _a109655
040 _cCHAP
082 0 4 _a515.8
_bR88
_21988
100 1 _aRoyden, H. L.
_9100403
245 1 0 _aReal analysis
_c/por H. L. Royden
250 _a3 ed.
260 _aNew Jersey :
_bPrentice Hall,
_cc1988
300 _axvii, 444 p.
590 _aBATCH-UPD
_b10
_c20130110
_lUCH01
_h1535
590 _aBATCH-UPD
_b10
_c20130410
_lUCH01
_h0940
590 _aBATCH-UPD
_b10
_c20130914
_lUCH01
_h1450
590 _aCONVERSION
_b10
_c20130109
_lUCH01
_h1354
650 0 4 _aAnalisis funcional.
_95987
650 0 4 _aFunciones de variables reales.
_943960
650 0 4 _aMedición, teoría de la.
_973924
901 _aBK
942 _cLIBRO
949 _a515.8 R88 1988
_bBC
_cLIBRO
_d33724002168983
_eLIBRO
_h112514
_i109655
_si
999 _c97998
_d97998